000 01137nam a2200289 a 4500
999 _c106148
_d106148
005 20231221005250.0
008 180409b bul|||||r ||||||| ||bul||
040 _aBLK
041 _aBUL
_cBUL
080 _aРуска литература
_b821.161.1
_x-31
_z821.161.1-31
100 1 _aДостоевски, Фьодор Михайлович
_d1821-1881
_eпърви автор
_964791
139 _aДостоевски, Фьодор Михайлович
_bД 82
245 1 0 _aИдиот
_bРоман в 4 ч.
_cФьодор Достоевски ; прев. от рус. Иван Пауновски.
257 _aRUS
260 _aСофия
_bНар. култура
_c1971
_9209547
_n954-04-
300 _a716 с.
_c21 см
380 _aX
490 _aБиблиотека Световна класика
_9201621
700 1 _aПауновски, Иван Димитров
_eпрев. от рус.
_9367499
852 _aЦб 60933
_bЦб
856 4 _qpdf
856 4 _qpdf
942 _cKNG
_n0
_07
_s1
944 _aCR
_c27.02.2004
_k
_lCRON CRON
944 _aED
_c2022-06-28
_kКети
999 _d106148